000 01030nam0a22002651 4500
001 RU\INFOCOMM_318\NLR\5000075266
005 20250613102523.0
035 _a(NLR Aleph) 009445299
090 _a8370937
_c8370937
100 _a20121128d1926 |||y0rusy50 ca
101 0 _afre
102 _aRU
105 _ay z |||||
200 1 _aL'Instruction publique dans la République Socialiste Fédérative des Soviets de Russie
_fAvec préf. pár A. Lounatcharski
_gRSFSR. Commissariat du peuple pour l'instruction publique
210 _aMoscou
_cАдм.-организационное упр. Наркомпроса РСФСР
_d1926
215 _a47 с.
_cпортр.
_d22 см
606 _aНародное образование
_yСССР
_91338451
_3RU\NLR\AUTH\66242696
620 _aМосква
702 1 _aLunačarskij
_bA.
_4080
712 0 1 _aRSFSR
_bCommissariat du peuple pour l'instruction publique
_4570
801 1 _aRU
_bNLR
_c20121128
801 0 _aRU
_bINFOCOMM
_gPSBO
852 _aNLR
_jD11/820
942 _cBOOK
980 _aNB